LIBRARY & INFORMATION CENTRE, KCAET, TAVANUR

ONLINE PUBLIC ACCESS CATALOGUE (OPAC)

Processing and marketing of desicccated coconut / (Record no. 10516)

MARC details
000 -LEADER
fixed length control field 00460cam a2200169ua 4500
041 ## - LANGUAGE CODE
Language code of text/sound track or separate title eng
082 ## - DEWEY DECIMAL CLASSIFICATION NUMBER
Classification number 664.80461
Item number ARA/PR
100 ## - MAIN ENTRY--AUTHOR NAME
Personal name Aravindakshan, .
245 ## - TITLE STATEMENT
Title Processing and marketing of desicccated coconut /
260 ## - PUBLICATION, DISTRIBUTION, ETC. (IMPRINT)
Place of publication Kerala :
Name of publisher Coconut Development Board ,
Year of publication 1996.
300 ## - PHYSICAL DESCRIPTION
Number of Pages 70 :
Other physical details 506 ; .
942 ## - ADDED ENTRY ELEMENTS (KOHA)
Koha item type Books
Holdings
Withdrawn status Lost status Damaged status Home library Current library Date acquired Full call number Accession Number Koha item type
      KAUAET KAUAET 07/04/2012 664.80461 19816 Books
free website counter